00365 a2200109 4500001000900000005001700009008004100026245007200067100002300139773007600162999001700238ART_974920260410161838.0260409a 10aLa auditoría y el procesamiento electrónico de la información1 aNardelli, Jorge R.0 tContabilidad y administracióng- Año 6, Nº 69 (mar. 1983)wREV5485 c23869d23869